[Event "Jakarta, EWS Cup"]
[Site "?"]
[Date "2007.05.15"]
[Round "1"]
[White "Sukandar, Irine Kharisma"]
[Black "Pokorna, Regina"]
[Result "0-1"]
[WhiteElo "2217"]
[BlackElo "2343"]
[PlyCount "54"]
[EventDate "2007.05.15"]
[SourceDate "2007.05.15"]

1. e4 e5 2. Nf3 Nc6 3. Bc4 Bc5 4. O-O Nf6 5. Re1 d6 6. h3 a6 7. c3 b5 8. Bd5
Nxd5 9. exd5 Ne7 10. d4 Bb6 11. dxe5 dxe5 12. Nxe5 O-O 13. Be3 Bxe3 14. Rxe3
Qxd5 15. Na3 Bb7 16. Qxd5 Nxd5 17. Ree1 Nf4 18. f3 Rad8 19. Rad1 Rfe8 {#} 20.
Ng4 Rxe1+ 21. Rxe1 h5 22. Nf2 Rd2 23. Re8+ Kh7 24. Re7 Bd5 25. Rxc7 Rxb2 26.
Ra7 Rxa2 27. Rxa6 Ne2+ {#} 0-1

[Event "Jakarta, EWS Cup"]
[Site "?"]
[Date "2007.05.15"]
[Round "1"]
[White "Zdebska, Natalia"]
[Black "Karlovich, Anastasia"]
[Result "1/2-1/2"]
[WhiteElo "2335"]
[BlackElo "2266"]
[PlyCount "41"]
[EventDate "2007.??.??"]
[WhiteTeam "Ukraine"]
[BlackTeam "Ukraine"]
[WhiteTeamCountry "UKR"]
[BlackTeamCountry "UKR"]

1. e4 e5 2. Nf3 Nc6 3. Nc3 Nf6 4. g3 d5 5. exd5 Nd4 6. Bg2 Bg4 7. h3 Nxf3+ 8.
Bxf3 Bxf3 9. Qxf3 Bb4 10. O-O O-O 11. Rd1 Qd7 12. Kg2 Rad8 13. d3 Nxd5 14. Nxd5
Qxd5 15. Qxd5 Rxd5 16. Be3 Rfd8 17. Kf3 f5 18. Ke2 Kf7 19. a3 Be7 20. f3 b6 21.
g4 {#} 1/2-1/2

[Event "Jakarta, EWS Cup"]
[Site "?"]
[Date "2007.05.15"]
[Round "1"]
[White "Krivec, Jana"]
[Black "Lindiawati, Evi"]
[Result "1/2-1/2"]
[WhiteElo "2341"]
[BlackElo "2133"]
[PlyCount "142"]

1. e4 e5 2. Nc3 Nf6 3. g3 d5 4. exd5 Nxd5 5. Bg2 Nxc3 6. bxc3 Bd6 7. Nf3 O-O 8.
O-O Nc6 9. d4 Re8 10. Rb1 h6 11. Be3 e4 12. Nd2 f5 13. f3 exf3 14. Qxf3 Rb8 15.
Nc4 Bf8 16. d5 Ne7 {#} 17. Rfd1 Ng6 18. Qh5 Kh7 19. Bd4 Qg5 20. Qf3 f4 21. Re1
Bg4 22. Qf2 b6 23. Be4 Bf5 24. Bg2 Bg4 25. Nd2 fxg3 26. hxg3 Qf5 27. Be4 Qxf2+
28. Kxf2 Bd6 29. Nc4 Rf8+ 30. Kg2 Bf5 31. Nxd6 cxd6 32. Re3 Bxe4+ 33. Rxe4 Rf5
34. c4 Rc8 35. Rb4 b5 36. Bxa7 bxc4 37. Rbxc4 Rxc4 38. Rxc4 Rxd5 39. Bd4 Ne5
40. Ra4 Nc6 41. Be3 Kg6 42. Rg4+ Kf6 43. Ra4 Ke6 44. Kf2 Ra5 45. Rxa5 Nxa5 46.
Bd4 g6 47. Ke3 Kd5 48. Kd3 h5 49. a4 g5 50. Bf6 g4 51. Ke3 Nc4+ 52. Kf4 Nd2 53.
a5 Kc6 54. Bd8 d5 55. Kg5 Nf1 56. Kxh5 Nxg3+ 57. Kxg4 Ne2 58. Bb6 Nc3 59. Kf5
Na4 60. Bd4 Kb5 61. Ke5 Kxa5 62. Kxd5 Kb4 63. c4 Kb3 64. Ba7 Kc3 65. Bf2 Kb3
66. Kd4 Kb4 67. Be1+ Kb3 68. Ba5 Kc2 69. Ke5 Kb3 70. Kd5 Ka3 71. Kc6 Nb2 {#}
1/2-1/2

[Event "Jakarta, EWS Cup"]
[Site "?"]
[Date "2007.05.16"]
[Round "2"]
[White "Sukandar, Irine Kharisma"]
[Black "Zdebska, Natalia"]
[Result "1-0"]
[WhiteElo "2217"]
[BlackElo "2343"]
[PlyCount "57"]
[EventDate "2007.??.??"]
[SourceDate "2007.05.16"]

1. e4 c5 2. Nf3 d6 3. d4 cxd4 4. Nxd4 Nf6 5. Nc3 a6 6. Bg5 e6 7. f4 Nbd7 8. Qf3
h6 9. Bh4 Be7 10. O-O-O g5 11. fxg5 Ne5 {#} 12. gxf6 Nxf3 13. fxe7 Qa5 14. gxf3
Rg8 15. Bf6 Bd7 16. Bd3 Rg6 17. e5 Rxf6 18. exf6 Qg5+ 19. Kb1 Qxf6 20. Rhg1
Kxe7 {#} 21. Nf5+ Kf8 22. Nxd6 Bc6 23. Be4 Rd8 24. a3 Qe7 25. Bh7 Qh4 26. Rg8+
Ke7 27. Rxd8 Bxf3 28. Rd7+ Kf6 29. Rxf7+ 1-0

[Event "Jakarta, EWS Cup"]
[Site "?"]
[Date "2007.05.16"]
[Round "2"]
[White "Pokorna, Regina"]
[Black "Lindiawati, Evi"]
[Result "1-0"]
[WhiteElo "2343"]
[BlackElo "2133"]
[PlyCount "73"]
[EventDate "2007.??.??"]

1. e4 d5 2. exd5 Qxd5 3. Nc3 Qa5 4. Bc4 Nf6 5. d3 c6 6. Qe2 Bf5 7. h3 h5 8. Bd2
Qc7 9. Nf3 e6 10. Nd4 Be7 11. O-O-O O-O 12. g4 Bg6 13. f4 b5 14. Bb3 b4 15. Ne4
Bxe4 16. dxe4 c5 {#} 17. Nxe6 fxe6 18. Bxe6+ Kh8 19. g5 Nc6 20. gxf6 Rxf6 21.
Bc4 Rh6 22. e5 Nd4 23. Qe4 Rd8 24. f5 Qc6 25. Qxc6 Rxc6 26. Rhf1 Rf8 {#} 27.
Bxb4 Nxf5 28. Bd2 g6 29. c3 Kg7 30. Kc2 Bh4 31. Bc1 Rc7 32. Rd5 Bg3 33. e6 Re8
34. Bg5 Nd6 35. Bf6+ Kh7 36. Bd3 c4 37. Rxh5+ 1-0

[Event "Jakarta, EWS Cup"]
[Site "?"]
[Date "2007.05.16"]
[Round "2"]
[White "Karlovich, Anastasia"]
[Black "Krivec, Jana"]
[Result "0-1"]
[WhiteElo "2266"]
[BlackElo "2341"]
[PlyCount "76"]
[EventDate "2007.??.??"]

1. e4 e5 2. Nf3 d6 3. d4 exd4 4. Nxd4 Nf6 5. Nc3 Be7 6. Be2 O-O 7. O-O Re8 8.
f4 Bf8 9. Bf3 c5 10. Nde2 Nc6 11. h3 Bd7 12. g4 h6 13. Bg2 b5 14. Ng3 b4 15.
Nd5 Nxd5 16. exd5 Nd4 17. c3 bxc3 18. bxc3 Nb5 19. Qf3 Qa5 20. Bb2 c4 21. f5
Rab8 22. Rf2 Nc7 23. f6 g6 24. Kh2 Rb5 25. a4 Rxd5 26. Qf4 Rc5 27. Ba3 Ne6 28.
Qd2 Rc7 29. Bxd6 Bxd6 30. Qxd6 Qxc3 31. Raa2 Qd4 32. Qa3 Nf4 33. Rad2 Nd3 34.
Rf1 {#} c3 35. Rdd1 Re3 36. Nh1 c2 37. Rd2 c1=Q 38. Rxd3 Qe5+ 0-1

[Event "Jakarta, EWS Cup"]
[Site "?"]
[Date "2007.05.16"]
[Round "3"]
[White "Krivec, Jana"]
[Black "Sukandar, Irine Kharisma"]
[Result "0-1"]
[WhiteElo "2341"]
[BlackElo "2217"]
[PlyCount "114"]
[EventDate "2007.??.??"]
[SourceDate "2007.05.17"]

1. e4 e5 2. Nc3 Nf6 3. g3 Bc5 4. Bg2 Nc6 5. d3 d6 6. Na4 Bg4 7. f3 Be6 8. Nxc5
dxc5 9. b3 Qd4 10. Bd2 Nb4 11. Rb1 O-O-O 12. Ne2 Qd7 13. Bxb4 cxb4 14. Qd2 Qd6
15. O-O Qc5+ 16. Kh1 h5 17. h3 Ne8 18. f4 h4 19. f5 Bd7 20. g4 Bc6 21. a3 Nd6
22. Qc1 Nb5 23. axb4 Qxb4 24. c3 Qa3 25. Qe3 Qd6 26. Rfd1 g6 27. fxg6 fxg6 28.
b4 a6 29. c4 Na3 30. c5 Qe6 31. Rbc1 Qb3 32. Qd2 Bb5 33. Qg5 Rxd3 34. Rxd3 Qxd3
35. Qxe5 Re8 36. Qc3 Qxe2 37. Qxa3 Bc6 38. Qf3 Qxf3 39. Bxf3 Bxe4 40. Kg2 Kd7
41. Rc4 Bxf3+ 42. Kxf3 Rf8+ 43. Ke4 Ke6 44. Ke3 g5 45. Re4+ Kf6 46. Kd4 Rd8+
47. Kc4 Rd1 48. Re3 Rg1 49. Rd3 Rg3 50. Rd7 Rxh3 51. Rxc7 Rg3 52. Rxb7 Rxg4+
53. Kb3 h3 54. Rb6+ Ke5 55. c6 {#} h2 56. c7 h1=Q 57. Re6+ Kd5 0-1

[Event "Jakarta, EWS Cup"]
[Site "?"]
[Date "2007.05.16"]
[Round "3"]
[White "Zdebska, Natalia"]
[Black "Pokorna, Regina"]
[Result "0-1"]
[WhiteElo "2335"]
[BlackElo "2343"]
[PlyCount "88"]

1. e4 e5 2. Nf3 Nc6 3. Bb5 a6 4. Ba4 Nf6 5. d3 b5 6. Bb3 Be7 7. a4 b4 8. Nbd2
O-O 9. Nc4 d6 10. h3 Be6 11. Qe2 Qd7 12. a5 Qc8 13. Be3 Rb8 14. O-O h6 15. Rfd1
Qb7 16. Qd2 Rfd8 17. Qc1 Bf8 18. Qb1 g6 19. Qc1 Kh7 20. g4 Qc8 21. Kf1 Ng8 22.
Ke2 Bg7 23. Ncd2 Nge7 24. Rg1 d5 25. exd5 Nxd5 26. Ne4 Nd4+ 27. Bxd4 exd4 28.
Bxd5 Bxd5 29. Qf4 Re8 30. Kd2 Bxe4 31. dxe4 Qe6 32. e5 c5 33. b3 c4 34. Rab1
Rbc8 35. Rge1 cxb3 36. Rxb3 Rc4 37. Re4 Rec8 38. Rb2 R8c5 39. h4 Rxa5 40. h5
Rac5 41. hxg6+ fxg6 42. Re2 d3 43. Qh2 Rxc2+ 44. Ke3 Rxe2+ 0-1

[Event "Jakarta, EWS Cup"]
[Site "?"]
[Date "2007.05.16"]
[Round "3"]
[White "Lindiawati, Evi"]
[Black "Karlovich, Anastasia"]
[Result "1/2-1/2"]
[WhiteElo "2133"]
[BlackElo "2266"]
[PlyCount "64"]

1. e4 e5 2. Nf3 Nc6 3. d4 exd4 4. Bc4 Bc5 5. Ng5 Nh6 6. Nxf7 Nxf7 7. Bxf7+ Kxf7
8. Qh5+ g6 9. Qxc5 d6 10. Qb5 Re8 11. O-O Kg7 12. f3 a6 13. Qd3 Qf6 14. c3 Bd7
15. Rd1 dxc3 16. Nxc3 Ne5 17. Qd4 Bc6 18. Nd5 Bxd5 19. Qxd5 Nc6 20. Qb3 Rab8
21. Bd2 Qf7 22. Bc3+ Kg8 23. Qc2 Re7 24. b3 Ne5 25. Bb2 Rf8 26. Rac1 Qf4 27.
Rd5 Rff7 28. Qc3 g5 29. Rf1 Qf6 30. g3 b5 31. f4 gxf4 32. Rxf4 Qg6 1/2-1/2

[Event "Jakarta, EWS Cup"]
[Site "?"]
[Date "2007.05.17"]
[Round "4"]
[White "Karlovich, Anastasia"]
[Black "Sukandar, Irine Kharisma"]
[Result "1/2-1/2"]
[WhiteElo "2266"]
[BlackElo "2217"]
[PlyCount "45"]
[EventDate "2007.??.??"]
[SourceDate "2007.05.17"]

1. e4 e5 2. Nf3 Nc6 3. Nc3 Nf6 4. d4 exd4 5. Nxd4 Bb4 6. Nxc6 bxc6 7. Bd3 d5 8.
exd5 cxd5 9. Qe2+ Qe7 10. Qxe7+ Kxe7 11. Bd2 Rd8 12. O-O-O Be6 13. Rhe1 c6 14.
f3 Kf8 15. Ne2 Bxd2+ 16. Rxd2 c5 17. Nf4 Bd7 18. Ba6 Bc6 19. Nd3 Nd7 20. b4 c4
{#} 21. b5 Bxb5 22. Bxb5 cxd3 23. Bxd7 1/2-1/2

[Event "Jakarta, EWS Cup"]
[Site "?"]
[Date "2007.05.17"]
[Round "5"]
[White "Krivec, Jana"]
[Black "Pokorna, Regina"]
[Result "1-0"]
[WhiteElo "2341"]
[BlackElo "2343"]
[PlyCount "161"]
[EventDate "2007.??.??"]
[SourceDate "2007.05.18"]

1. e4 e5 2. Nf3 Nc6 3. d4 exd4 4. Nxd4 Nf6 5. Nxc6 bxc6 6. Bd3 d5 7. e5 Ng4 8.
O-O Qh4 9. h3 h5 10. Qe2 Bc5 11. Nd2 Nh6 12. Nf3 Qe7 13. Bg5 Qe6 14. b4 Bb6 15.
c4 dxc4 16. Bxc4 Qg6 17. Qd2 O-O {#} 18. Nh4 Qe4 19. Bd3 Qxe5 20. Rae1 Qd6 21.
Be7 Qd5 22. Bxf8 Kxf8 23. Qe2 Bd7 24. Bc4 Qg5 25. Nf3 Qf6 26. Qe5 Qxe5 27. Nxe5
Be8 28. Rd1 Nf5 29. Bd3 Nd6 30. Be2 a5 31. a3 f6 32. Nc4 Nxc4 33. Bxc4 axb4 34.
axb4 Ra4 35. Rb1 Bg6 36. Rb2 Bd4 37. Ra2 Rxb4 38. Ra8+ Ke7 39. Re1+ Kd6 40.
Rd8+ Kc5 41. Be2 Bb2 42. Rd7 Be4 43. Rxg7 Bd5 44. Bxh5 Kb6 45. Bg6 c5 46. Rd7
Bc6 47. Rd8 Kb7 48. h4 Rxh4 49. Rb1 Rb4 50. Rd2 Bc3 51. Rdd1 Bb2 52. Rd2 Bc3
53. Re2 Bb5 54. Re3 Bb2 55. Be4+ Kb6 56. Bc2 c4 57. Re6+ Kc5 58. Re7 Kd6 59.
Rf7 c5 60. g4 Bd4 61. Rd1 Ke6 62. Rb7 Rb2 63. Bf5+ Ke5 64. Re1+ Kd6 65. Rd1 Ke5
66. Rf1 c3 67. Re1+ Kd5 68. Be4+ Kd6 69. Rb6+ Kc7 70. Rb7+ Kd6 71. Rb6+ Kc7 72.
Rb7+ Kc8 73. Ra1 Bxf2+ 74. Kh1 {#} Ba6 75. Rxb2 cxb2 76. Rxa6 Kd7 77. Rxf6 Bd4
78. Bf5+ Kc7 79. Re6 c4 80. g5 c3 81. g6 1-0

[Event "Jakarta, EWS Cup"]
[Site "?"]
[Date "2007.05.17"]
[Round "4"]
[White "Lindiawati, Evi"]
[Black "Zdebska, Natalia"]
[Result "0-1"]
[WhiteElo "2133"]
[BlackElo "2335"]
[PlyCount "100"]

1. e4 c5 2. Nf3 d6 3. d4 cxd4 4. Nxd4 Nf6 5. Nc3 a6 6. Be2 e5 7. Nb3 Be7 8. O-O
O-O 9. Kh1 b6 10. f4 Bb7 11. Bf3 Nbd7 12. Nd5 Bxd5 13. exd5 e4 14. Be2 b5 15.
Nd4 Nb6 16. Nc6 Qc7 17. Nxe7+ Qxe7 18. a4 Qd7 19. g4 Qb7 20. Qd4 Nxa4 21. b3
Nc5 22. Rd1 Rae8 23. g5 Nfd7 24. Bb2 f6 25. b4 Na4 26. Rxa4 bxa4 27. Bg4 e3 28.
Kg1 {#} a3 29. Bc3 e2 30. Re1 Re7 31. Be6+ Kh8 32. g6 Qb6 33. gxh7 Qxd4+ 34.
Bxd4 Rb8 35. c3 a2 36. Kf2 a5 37. Ra1 axb4 38. Rxa2 b3 39. Rb2 Nc5 40. Bxc5
dxc5 41. Kxe2 c4 42. f5 Ra7 43. Kd2 Rb6 44. Bg8 Ra1 45. Ke3 Rc1 46. Kd2 Rf1 47.
Be6 Rf3 48. Rb1 Rd3+ 49. Ke2 Rxc3 50. Ra1 b2 0-1

[Event "Jakarta, EWS Cup"]
[Site "?"]
[Date "2007.05.18"]
[Round "5"]
[White "Pokorna, Regina"]
[Black "Karlovich, Anastasia"]
[Result "1/2-1/2"]
[WhiteElo "2343"]
[BlackElo "2266"]
[PlyCount "25"]
[SourceDate "2007.05.18"]

1. e4 e5 2. Nf3 d6 3. d4 exd4 4. Qxd4 a6 5. Bg5 Nc6 6. Bxd8 Nxd4 7. Nxd4 Kxd8
8. Bc4 Nh6 9. Nc3 c6 10. O-O g6 11. a4 Bg7 12. Rfd1 Kc7 13. Rd2 1/2-1/2

[Event "Jakarta, EWS Cup"]
[Site "?"]
[Date "2007.05.18"]
[Round "5"]
[White "Sukandar, Irine Kharisma"]
[Black "Lindiawati, Evi"]
[Result "1-0"]
[WhiteElo "2217"]
[BlackElo "2133"]
[PlyCount "79"]
[EventDate "2007.??.??"]

1. e4 e5 2. Nf3 d6 3. d4 exd4 4. Nxd4 Nf6 5. Nc3 Be7 6. Be2 O-O 7. O-O Nc6 8.
Be3 Nxd4 9. Bxd4 Bd7 10. f4 Bc6 11. Bd3 Qd7 12. Kh1 Rad8 13. Qf3 d5 14. e5 Ne4
15. f5 f6 16. e6 Qd6 17. Rad1 Qb4 18. Bxe4 dxe4 19. Qe3 Rfe8 20. b3 b6 21. h3
Bb7 22. a3 Qa5 23. Ne2 Rd6 24. c4 Red8 25. b4 Qa4 26. Rc1 c5 27. bxc5 bxc5 28.
Bxc5 Rd3 29. Qg1 {#} Rxh3+ 30. gxh3 e3+ 31. Kh2 Bxc5 32. Qg4 Rd2 33. h4 Qxa3
34. Rg1 Bf8 35. Kh3 Qd6 36. c5 Qc7 37. Qg3 Qe7 38. c6 Rxe2 39. cxb7 Qxb7 {#}
40. Rc7 1-0

[Event "Jakarta, EWS Cup"]
[Site "?"]
[Date "2007.05.18"]
[Round "5"]
[White "Zdebska, Natalia"]
[Black "Krivec, Jana"]
[Result "1/2-1/2"]
[WhiteElo "2335"]
[BlackElo "2341"]
[PlyCount "135"]
[EventDate "2007.??.??"]

1. e4 e5 2. Nf3 Nc6 3. Bb5 a6 4. Ba4 Nf6 5. d4 exd4 6. O-O Be7 7. Re1 b5 8. e5
Nxe5 9. Rxe5 d6 10. Re1 bxa4 11. Nxd4 Bd7 12. Qf3 O-O 13. Nc6 Bxc6 14. Qxc6 Re8
15. Nc3 a3 16. b3 d5 17. Bg5 h6 18. Bh4 d4 19. Bxf6 Bxf6 20. Nd5 Be5 21. f4 Bd6
22. Kf1 Re6 23. f5 Qe8 24. Qxe8+ Rexe8 25. g3 a5 26. Rxe8+ Rxe8 27. Re1 Ra8 28.
Ne7+ Kf8 29. Nc6 a4 30. Nxd4 axb3 31. cxb3 Ra5 32. Re4 Rd5 33. Ke2 Bc5 34. Nb5
Rxf5 35. Nxc7 g5 36. Kd3 Bg1 37. Re8+ Kg7 38. Re2 g4 {#} 39. Rg2 Bb6 40. Rc2
Rf2 41. Ne8+ Kf8 42. Rxf2 Bxf2 43. Nf6 h5 44. Nxh5 Bg1 45. Ke2 Ke7 46. Nf4 Kd6
47. h4 gxh3 48. Nxh3 Bc5 49. Ng5 f5 50. Kf3 Ke5 51. Ke2 Be7 52. Nf3+ Ke4 53.
Nd2+ Kd4 54. Nc4 Ke4 55. Ne3 Bd6 56. Nc2 Bxg3 57. Nxa3 f4 58. Nb5 f3+ 59. Kf1
Kd5 60. Nc3+ Kd4 61. Nd1 Kd3 62. Nf2+ Kc2 63. Ne4 Bh4 64. b4 Kd3 65. Nc5+ Kc4
66. a3 Be7 67. Kf2 {#} Bxc5+ 68. bxc5 1/2-1/2

[Event "Jakarta, EWS Cup"]
[Site "?"]
[Date "2007.05.18"]
[Round "6"]
[White "Pokorna, Regina"]
[Black "Sukandar, Irine Kharisma"]
[Result "0-1"]
[WhiteElo "2343"]
[BlackElo "2217"]
[PlyCount "94"]
[EventDate "2007.??.??"]

1. e4 e5 2. Nf3 Nc6 3. Bb5 a6 4. Ba4 Nf6 5. O-O Be7 6. Bxc6 dxc6 7. Qe1 Nd7 8.
d3 f6 9. Nbd2 Nc5 10. Nc4 Ne6 11. Ne3 Nd4 12. Nxd4 Qxd4 13. Qe2 Be6 14. Bd2
O-O-O 15. Bc3 Qd7 16. b4 c5 17. Rfb1 Qc6 18. a4 cxb4 19. Bxb4 Bxb4 20. Rxb4 Rd4
21. c4 Qc5 22. Rab1 b6 23. Nc2 Rdd8 24. h3 g6 25. Kh1 f5 26. f4 Qd6 27. R4b3
Rhe8 28. a5 {#} b5 29. exf5 Bxf5 30. fxe5 Rxe5 31. Qf3 Bxd3 32. Rd1 bxc4 33.
Qb7+ Kd7 34. Rb6 Qd5 35. Qxd5+ Rxd5 36. Rxa6 Rd6 37. Rxd6+ Kxd6 38. Ne3 Kc5 39.
Kg1 Kd4 40. Nc2+ Kc3 41. Ne3 c6 42. Kf2 Rf8+ 43. Ke1 Ra8 44. Ra1 Kb2 45. Ra4
Kb3 46. Ra1 c3 47. Kd1 Kb2 {#} 0-1

[Event "Jakarta, EWS Cup"]
[Site "?"]
[Date "2007.05.18"]
[Round "6"]
[White "Lindiawati, Evi"]
[Black "Krivec, Jana"]
[Result "0-1"]
[WhiteElo "2133"]
[BlackElo "2341"]
[PlyCount "94"]
[SourceDate "2007.05.18"]

1. e4 e5 2. Nf3 d6 3. d4 Nd7 4. Nc3 Ngf6 5. Be2 Be7 6. h3 O-O 7. Be3 c6 8. O-O
Qc7 9. Nh2 exd4 10. Bxd4 Nc5 11. Bf3 Ne6 12. Be3 b6 13. Ng4 Ba6 14. Be2 Nxg4
15. hxg4 Bb7 16. f4 Rad8 17. Bd3 h6 18. Qe2 Rfe8 19. Qf2 Bf6 20. Rad1 Nc5 21.
Bxc5 bxc5 22. Kh1 Qe7 23. Rfe1 Bc8 24. Qf3 Qe6 {#} 25. e5 dxe5 26. Bf5 Rxd1 27.
Rxd1 Qe7 28. Qxc6 Bxf5 29. gxf5 exf4 30. Nd5 Qe2 31. Nxf6+ gxf6 32. Qf3 Qxf3
33. gxf3 Re2 34. Rg1+ Kf8 35. Rg2 Re5 36. Rh2 Ke7 37. b3 h5 38. Rd2 Rxf5 39.
Kg2 Rg5+ 40. Kf2 h4 41. Rd1 h3 42. Rg1 Kd6 43. c3 Kc6 44. b4 cxb4 45. cxb4 Kb5
46. a3 Rxg1 47. Kxg1 Ka4 {#} 0-1

[Event "Jakarta, EWS Cup"]
[Site "?"]
[Date "2007.05.20"]
[Round "7"]
[White "Zdebska, Natalia"]
[Black "Sukandar, Irine Kharisma"]
[Result "1-0"]
[WhiteElo "2335"]
[BlackElo "2217"]
[PlyCount "117"]
[EventDate "2007.??.??"]
[SourceDate "2007.05.20"]

1. e4 e5 2. Nf3 Nc6 3. c3 Nf6 4. d4 Nxe4 5. d5 Ne7 6. Nxe5 Ng6 7. Qf3 Qe7 8.
Nxg6 hxg6 9. Be3 {#} Rh5 10. Bd3 Nf6 11. c4 Qb4+ 12. Nd2 Qxb2 13. O-O Bd6 14.
g3 Qc3 15. Qe2 Re5 16. Rac1 Qa3 {#} 17. c5 Rxd5 18. Bc4 Be7 19. Bxd5 Nxd5 20.
Nc4 Qa6 21. Bd4 b6 22. Qe5 Bb7 23. Qxg7 O-O-O 24. cxb6 axb6 25. Qxf7 b5 26.
Nb6+ Nxb6 27. Qxe7 Nc4 28. Bf6 Rg8 29. Rfe1 Kb8 30. Qf7 Rc8 31. Re8 Qc6 32.
Rxc8+ Ka7 33. Bd4+ Ka6 34. f3 Bxc8 35. Qf8 Kb7 36. a4 Qd5 37. Qc5 Qxc5 38. Bxc5
Kc6 39. Bf2 d5 40. axb5+ Kxb5 41. Rb1+ Kc6 42. h4 Kd6 43. Rb8 Bf5 44. g4 Bd3
45. Bg3+ Kd7 46. Rb7 Nd6 47. Bxd6 Kxd6 48. h5 gxh5 49. gxh5 d4 50. h6 Bf5 51.
Kf2 Bd3 52. Kg3 Bg6 53. Kf4 Bc2 {#} 54. Rb2 Bh7 55. Rg2 c5 56. Rg7 c4 57. Rxh7
c3 58. Ra7 d3 59. Ke3 1-0

[Event "Jakarta, EWS Cup"]
[Site "?"]
[Date "2007.05.20"]
[Round "7"]
[White "Krivec, Jana"]
[Black "Karlovich, Anastasia"]
[Result "1/2-1/2"]
[WhiteElo "2266"]
[BlackElo "2341"]
[PlyCount "103"]
[EventDate "2007.??.??"]

1. e4 e5 2. Nc3 Nf6 3. g3 d5 4. exd5 Nxd5 5. Bg2 Ne7 6. d3 Nbc6 7. Nf3 f6 8.
Rb1 Nf5 9. a3 a5 10. O-O Be7 11. Nd2 Be6 12. Nde4 O-O 13. Ne2 Ncd4 14. Nxd4
Nxd4 15. Nc3 c6 16. h3 a4 17. f4 exf4 18. Bxf4 f5 19. Qd2 Bf6 20. Kh2 Bf7 21.
Be3 Qd7 22. Qf2 Be6 23. Rbe1 Ra5 24. Qd2 Raa8 25. Bf4 b5 26. Qf2 Rae8 27. Be3
c5 28. Nd1 Rc8 29. c3 Nb3 30. Bf4 Bd5 31. Bxd5+ Qxd5 32. Ne3 Qd7 33. h4 h6 34.
Ng2 {#} b4 35. axb4 cxb4 36. cxb4 Qxd3 37. Rd1 Qc2 38. Bd6 Rfd8 39. Qxc2 Rxc2
40. b5 Nd4 41. Ba3 Rb8 42. Rf4 Nxb5 43. Rb4 Be7 44. Rxb5 Rxb5 45. Bxe7 Rbxb2
46. Rg1 Kf7 47. Ba3 Rb3 48. Ra1 {#} Rd3 49. Bb4 Rb3 50. Ba3 Rd3 51. Bb4 Rb3 52.
Ba3 1/2-1/2

[Event "Jakarta, EWS Cup"]
[Site "?"]
[Date "2007.05.21"]
[Round "8"]
[White "Sukandar, Irine Kharisma"]
[Black "Krivec, Jana"]
[Result "0-1"]
[WhiteElo "2217"]
[BlackElo "2341"]
[PlyCount "64"]
[EventDate "2007.??.??"]
[SourceDate "2007.05.21"]

1. e4 e5 2. Nf3 d6 3. d4 exd4 4. Nxd4 Nf6 5. Nc3 Be7 6. Be2 O-O 7. O-O Re8 8.
f4 Bf8 9. Bf3 c5 10. Nde2 Nc6 11. h3 Bd7 12. g4 h6 13. Bg2 b5 14. g5 hxg5 15.
fxg5 Nh7 16. h4 Ne5 17. Ng3 Bg4 18. Qd2 Qd7 19. Nd5 Bh3 20. Nf5 Bxg2 21. Qxg2
g6 22. h5 Kh8 23. hxg6 fxg6 {#} 24. Nf6 Nxf6 25. gxf6 gxf5 26. Rxf5 Qh7 27. Bg5
Nf7 28. Raf1 Nxg5 29. Rxg5 Bh6 30. Rh5 {#} Rg8 31. Rf2 Rxg2+ 32. Rxg2 Be3+ 0-1

[Event "Jakarta, EWS Cup"]
[Site "?"]
[Date "2007.05.21"]
[Round "8"]
[White "Karlovich, Anastasia"]
[Black "Lindiawati, Evi"]
[Result "1-0"]
[WhiteElo "2266"]
[BlackElo "2133"]
[PlyCount "99"]
[SourceDate "2007.05.21"]

1. e4 e5 2. Nf3 Nc6 3. Bc4 Bc5 4. c3 Nf6 5. d4 exd4 6. cxd4 Bb4+ 7. Bd2 Bxd2+
8. Nbxd2 d5 9. exd5 {#} Ne7 10. Qa4+ Bd7 11. Qb3 O-O 12. Qxb7 Rb8 13. Qxa7
Nexd5 14. O-O Nb6 15. Qa5 Nxc4 16. Nxc4 Rb5 17. Qd2 Bg4 18. Nfe5 Rd5 19. f3 Be6
20. Qf2 Qa8 21. Rfd1 Rfd8 22. Rd2 Nd7 23. Ne3 Ra5 24. Nxd7 Bxd7 25. b3 Be6 26.
Rc1 Qa7 27. Rcd1 c6 28. Nc4 Bxc4 29. bxc4 f6 30. Qe2 Kf7 31. h3 Re8 32. Qf2 Ra8
33. Ra1 Ra4 34. c5 Qa5 35. Qe3 Ra3 36. Qe2 Qc3 37. Re1 h6 38. Qe6+ Kg6 39. Qg4+
Kf7 40. Rde2 R3a7 41. Qh5+ g6 42. Qxh6 Qxd4+ 43. Kh1 Rg8 44. Re8 Rg7 45. Qc1 g5
46. Qc2 Qd5 47. R8e2 Rb7 48. Rd1 {#} Rb2 49. Rxd5 Rxc2 50. Rd7+ 1-0

[Event "Jakarta, EWS Cup"]
[Site "?"]
[Date "2007.05.21"]
[Round "8"]
[White "Pokorna, Regina"]
[Black "Zdebska, Natalia"]
[Result "1-0"]
[WhiteElo "2343"]
[BlackElo "2335"]
[PlyCount "107"]

1. e4 c5 2. Nc3 a6 3. g3 b5 4. Bg2 Bb7 5. d3 e6 6. Be3 d5 7. exd5 Nf6 8. Nge2
Nxd5 9. Nxd5 Bxd5 10. Bxd5 Qxd5 11. O-O Be7 12. d4 cxd4 13. Qxd4 Qxd4 14. Nxd4
Nd7 15. Rfd1 Rc8 16. c3 Nc5 17. Ne2 Rc7 18. Bxc5 Bxc5 19. b4 Be7 20. a4 O-O 21.
axb5 axb5 22. Ra5 Rb8 23. Kf1 Bf6 24. Rd3 Kf8 25. Ke1 Ke7 26. Kd2 g6 27. Nc1
Rbc8 28. Ne2 Rb8 29. Kc2 h5 30. h4 Bg7 31. Kb3 Bf6 32. Rd2 Rcb7 33. Rda2 Kd6
34. Ra7 Kc7 35. Nc1 Rd8 36. Kc2 Rd5 37. Nd3 Be7 38. f4 Bd6 39. R2a6 f6 40. Nf2
g5 41. Ne4 Rxa7 42. Rxa7+ Kb6 43. Rd7 {#} Bxf4 44. Rxd5 exd5 45. Nxf6 Bxg3 46.
hxg5 h4 47. g6 h3 48. g7 h2 49. g8=Q h1=Q 50. Qxg3 Kc6 51. Qf2 Kd6 52. Kb2 Ke6
53. Ng4 Qh8 54. Qe2+ 1-0

[Event "Jakarta, EWS Cup"]
[Site "?"]
[Date "2007.05.21"]
[Round "9"]
[White "Karlovich, Anastasia"]
[Black "Pokorna, Regina"]
[Result "1/2-1/2"]
[WhiteElo "2266"]
[BlackElo "2343"]
[PlyCount "60"]
[SourceDate "2007.05.21"]

1. e4 e5 2. Nf3 Nc6 3. Nc3 Nf6 4. d4 exd4 5. Nxd4 Bb4 6. Nxc6 bxc6 7. Bd3 O-O
8. O-O d5 9. exd5 cxd5 10. Bg5 c6 11. Na4 h6 12. Bh4 Bd6 13. c4 Rb8 14. b3 Re8
15. Rc1 Bf4 16. Bg3 Bg4 17. Qc2 Nh5 18. Rce1 Qg5 19. cxd5 cxd5 20. Rxe8+ Rxe8
21. Qc6 Qe5 22. Qc5 g6 23. Qxa7 Nxg3 24. hxg3 Bd2 25. Qa6 Kg7 26. Qc6 Rc8 {#}
27. Qb5 Rb8 28. Qc6 Rc8 29. Qb5 Rb8 30. Qc5 Rc8 1/2-1/2

[Event "Jakarta, EWS Cup"]
[Site "?"]
[Date "2007.05.21"]
[Round "9"]
[White "Krivec, Jana"]
[Black "Zdebska, Natalia"]
[Result "0-1"]
[WhiteElo "2341"]
[BlackElo "2335"]
[PlyCount "66"]

1. e4 c5 2. Nf3 d6 3. d4 cxd4 4. Nxd4 Nf6 5. Nc3 a6 6. Be3 e5 7. Nde2 Be7 8.
Ng3 Be6 9. Be2 Nbd7 10. O-O Rc8 11. a4 Nb6 12. a5 Nc4 13. Bxc4 Rxc4 14. Qd3 Qc8
15. Bg5 Rd4 16. Qf3 O-O 17. b3 h6 18. Bxf6 Bxf6 19. h3 Rd2 20. Rfc1 Bh4 21. Ra4
Bg5 22. Nf5 Bxf5 23. exf5 d5 24. Rg4 e4 25. Qg3 Qxf5 26. Rd1 Rxd1+ 27. Nxd1 d4
28. c3 d3 29. Ne3 Bxe3 30. Qxe3 Rd8 31. Qd2 Qe6 32. Rg3 f5 33. f4 {#} e3 0-1

[Event "Jakarta, EWS Cup"]
[Site "?"]
[Date "2007.05.21"]
[Round "9"]
[White "Lindiawati, Evi"]
[Black "Sukandar, Irine Kharisma"]
[Result "0-1"]
[WhiteElo "2133"]
[BlackElo "2217"]
[PlyCount "80"]

1. e4 e5 2. Nf3 Nc6 3. d4 exd4 4. Nxd4 Bc5 5. Be3 Qf6 6. c3 Nge7 7. Bc4 O-O 8.
O-O Qg6 9. Nd2 Bxd4 10. cxd4 d5 11. exd5 Nb4 12. Kh1 Nbxd5 13. Nf3 Bg4 14. Ne5
Bxd1 15. Nxg6 hxg6 16. Rfxd1 Rad8 17. Bg5 Rd7 18. Rac1 c6 19. Rc2 Nf6 20. g3
Rfd8 21. Bxf6 gxf6 22. Rcd2 {#} Nf5 23. d5 Ne7 24. Kg2 f5 25. a4 Kg7 26. h4 Kf6
27. Kf3 cxd5 28. Ke3 Rd6 29. a5 Ke5 30. f4+ Ke6 31. Bb5 Nc6 32. Bxc6 bxc6 33.
b4 Rb8 34. Rd4 Kd7 35. Kd3 Re6 36. Kc3 a6 37. R4d3 Kd6 38. Rb1 Re4 39. Rd4 Rxd4
40. Kxd4 {#} Rxb4+ 0-1

[Event "Jakarta, EWS Cup"]
[Site "?"]
[Date "2007.05.22"]
[Round "10"]
[White "Sukandar, Irine Kharisma"]
[Black "Karlovich, Anastasia"]
[Result "1/2-1/2"]
[WhiteElo "2217"]
[BlackElo "2266"]
[PlyCount "91"]
[EventDate "2007.??.??"]

1. e4 e5 2. Nf3 Nc6 3. Bc4 Bc5 4. O-O Nf6 5. Re1 O-O 6. c3 Nxe4 7. d4 exd4 8.
Rxe4 d5 {#} 9. Bg5 Qd7 10. Rh4 dxc4 11. cxd4 Bd6 12. Nbd2 f6 13. Be3 Ne7 14.
Nxc4 Ng6 15. Rh5 Qf7 16. Nxd6 cxd6 17. Rb5 b6 18. a4 Ba6 19. Rb4 Ne7 20. Nd2
Rac8 21. Rb3 Nc6 22. Rc1 f5 23. f3 Qd5 24. Rbc3 Bb7 25. Qb3 Qxb3 26. Nxb3 Nb4
27. Rxc8 Rxc8 28. Rxc8+ Bxc8 29. Bf4 Be6 30. Bxd6 Nd3 31. Nd2 Nxb2 32. a5 bxa5
33. Kf2 Kf7 34. Nb1 Bc4 35. g3 Ke6 36. Bf8 g6 37. Ke3 Bd5 38. Nd2 a4 39. Ba3
Nd1+ 40. Kd3 Kd7 41. Bc5 a6 42. Ba3 Kc6 43. Bc5 Nb2+ 44. Kc3 Nd1+ 45. Kd3 Kb5
46. Ba3 {#} 1/2-1/2